| 000 | 00534nam a2200181Ia 4500 | ||
|---|---|---|---|
| 999 |
_c22418 _d22418 |
||
| 003 | OSt | ||
| 005 | 20200323143505.0 | ||
| 008 | 190216s9999||||xx |||||||||||||| ||und|| | ||
| 020 | _a8174350268 | ||
| 040 | _coclc | ||
| 082 |
_a297.0922 _bAHM/F |
||
| 100 |
_aAhmed, Nur _92189 |
||
| 245 | 0 |
_aForty Great Men And Women In Islam / _cNur Ahmed |
|
| 260 |
_bAdam Publishers&Distributors, _c1994. _aNew Delhi: |
||
| 300 | _a209p | ||
| 650 | _aIslamic History | ||
| 942 |
_cBK _2ddc _h297.0922 _iAHM/F _k297.0922 _mAHM/F |
||